Skrytá reklama v podmienkach Slovenskej republiky bakalárska práca

Saved in:
Bibliographic Details
Main Author: Kuzmová, Silvia
Corporate Author: Obchodná fakulta EU. Katedra obchodného práva
Other Authors: Luprichová, Petronela
Format: Book
Language:Slovak
Published: Bratislava 2010
Tags: Add Tag
No Tags, Be the first to tag this record!

MARC

LEADER 00000nam$a2200000$$$4500
001 0134920
005 20240320074508.7
041 0 |a slo 
044 |a SK 
245 1 0 |a Skrytá reklama v podmienkach Slovenskej republiky  |b bakalárska práca  |c Silvia Kuzmová ; školiteľ: Petronela Luprichová 
264 1 |a Bratislava  |c 2010 
300 |a 42 s. 
100 1 |a Kuzmová, Silvia 
700 1 |a Luprichová, Petronela 
710 2 |a Obchodná fakulta EU. Katedra obchodného práva